000 01092nam a22003377a 4500
001 BR8600215
003 BR-BrBNA
005 20230928092218.0
007 ta
008 230509b bl.||||| |||| 00| 0 por d
040 _aBR-BrBNA
_bpor
_cBiblioteca Nacional de Agricultura
041 _a(Por)
072 _aF01; F02; H10
_b0337
_b/G514
090 _ 0337 BR8600215
110 1 _aUniversidade Federal do Rio Grande do Sul, Porto Alegre (Brasil). Faculdade de Agronomia. Depto. de Fitotecnia;
_911162
110 1 _aInstituto de Pesquisas Agronomicas, Porto Alegre, RS (Brasil)
_96134
245 1 _aGirassol. Indicacoes para o cultivo no Rio Grande do Sul
246 1 _a[Sunflower. Directions for the cultivation in Rio Grande do Sul]
260 3 _aPorto Alegre, RS (Brasil):
_c1985.
300 _a48 p.
650 _aGIRASSOL
650 _aPRAGA DE PLANTA
650 _aERRADICACAO
650 _aPRODUCAO VEGETAL
650 _aSEMEADURA
650 _aADUBACAO
650 _aCOLHEITA
650 _aRIO GRANDE DO SUL
909 _a202309
_bLucia
_c55
_dLucia Elande
942 _cBK
999 _c37720
_d37720